| 000 | 00585cam a22002052 4500 | ||
|---|---|---|---|
| 001 | 0000002952 | ||
| 005 | 20151217145732.0 | ||
| 008 | 070424s xx 000 0 eng d | ||
| 020 | _a9966410856 : | ||
| 040 |
_aKABU _cKABU |
||
| 050 | 0 |
_aHG1240.5 _bK4KK46 |
|
| 245 | 1 | 0 | _aKenya country gender profile. |
| 260 |
_aNairobi : _bACTS, _c1994. |
||
| 300 | _axii, 106 p. | ||
| 650 | 0 |
_aWomen in development _zKenya. _@0000149747 |
|
| 908 | _a070424 | ||
| 950 | _@1 | ||
| 999 |
_c2060 _d2060 |
||